Metodología de la investigación: (Registro nro. 9979)

Detalles MARC
000 -LEADER
fixed length control field 01373nam a2200205Ia 4500
005 - FECHA Y HORA DE LA ÚLTIMA TRANSACCIÓN
control field 20231122150939.0
008 - FIXED-LENGTH DATA ELEMENTS--GENERAL INFORMATION
fixed length control field 231115s9999 xx 000 0 und d
020 ## - INTERNATIONAL STANDARD BOOK NUMBER
International Standard Book Number 968-18-2273-0
040 ## - CATALOGING SOURCE
Original cataloging agency UPAN
Transcribing agency Biblioteca San Vicente
Description conventions RCAA2
041 ## - LANGUAGE CODE
Language code of text/sound track or separate title spa
082 ## - DEWEY DECIMAL CLASSIFICATION NUMBER
Classification number 001.433 024 613
Item number C363m
año de publicación 2002
100 ## - MAIN ENTRY--PERSONAL NAME
Personal name H. de Canales, Francisca
Relator code aut.
245 #0 - TITLE STATEMENT
Title Metodología de la investigación:
Remainder of title manual para el desarrollo de personal de salud/
Statement of responsibility, etc Francisca H. de Canales, Eva Luz de Alvarado, Elia Beatriz de Pineda
260 ## - PUBLICATION, DISTRIBUTION, ETC. (IMPRINT)
Place of publication, distribution, etc México:
Name of publisher, distributor, etc Limusa,
Date of publication, distribution, etc 2002
300 ## - PHYSICAL DESCRIPTION
Extent 327 p.;
Dimensions 23 cm.
505 ## - FORMATTED CONTENTS NOTE
Formatted contents note Contenido: Primera parte,Unidad I La investigación y su relación con la meta Salud Para Todos en Año 2000, Unidad II La investigación y el método científico, Unidad III, Las etapas de la investigación, Unidad IV, Problemas y objetivos, Unidad V Marco teórico, Unidad VI y variables, Unidad VII, Diseño metodológico, Unidad VIII, Protocolo e informe final, Segunda Parte, Aplicación del proceso de investigación en un estudio sobre el problema de diarrea, Problemas e hipótesis, El marco teórico, Las variables del estudio, Diseño de una investigación, Tercera Parte, Instrucciones para el uso de los materiales audiovisuales de esta tercera parte
650 ## - SUBJECT ADDED ENTRY--TOPICAL TERM
Source of heading or term LEMB
Topical term or geographic name as entry element Investigación científica
9 (RLIN) 3
700 ## - ADDED ENTRY--PERSONAL NAME
Personal name Alvarado, Eva Luz de
Relator code aut.
942 ## - ADDED ENTRY ELEMENTS (KOHA)
Koha item type Libros
Source of classification or shelving scheme Dewey Decimal Classification
Existencias
Withdrawn status Lost status Source of classification or shelving scheme Damaged status Not for loan Collection code Home library Current library Date acquired Total Checkouts Full call number Barcode Date last seen Copy number Price effective from Koha item type
    Dewey Decimal Classification     Referencia Biblioteca UPAN San Vicente Biblioteca UPAN San Vicente 16/11/2023   001.433 024 613 C363m 12001941 16/11/2023 01 16/11/2023 Libros
    Dewey Decimal Classification     Referencia Biblioteca UPAN San Vicente Biblioteca UPAN San Vicente 22/11/2023   001.433 024 613 C363m 12001942 22/11/2023 02 22/11/2023 Libros
    Dewey Decimal Classification     Referencia Biblioteca UPAN San Vicente Biblioteca UPAN San Vicente 22/11/2023   001.433 024 613 C363m 12002607 22/11/2023 03 22/11/2023 Libros
    Dewey Decimal Classification     Referencia Biblioteca UPAN San Vicente Biblioteca UPAN San Vicente 22/11/2023   001.433 024 613 C363m 12002608 22/11/2023 04 22/11/2023 Libros